Holy smoke /
Guardat en:
| Autors principals: | , |
|---|---|
| Altres autors: | |
| Format: | Llibre |
| Idioma: | italià |
| Publicat: |
Milano :
Bompiani,
1999
|
| Col·lecció: | Narratori stranieri Bompiani
|
| Etiquetes: |
Sense etiquetes, Sigues el primer a etiquetar aquest registre!
|
MARC
| LEADER | 00000nam a22000007i 4500 | ||
|---|---|---|---|
| 001 | IT\ICCU\VIA\0079188 | ||
| 003 | ItRI | ||
| 005 | 20260115231913.0 | ||
| 008 | 991220s1999 it |||||| ||||| |||||c | ||
| 020 | |a 884524282X | ||
| 040 | |b ita |c importazione bologna sebina | ||
| 041 | 7 | |a ita |2 ISO-639-2 | |
| 082 | |a 823.914 |9 NARRATIVA INGLESE, 1945-1999 |2 21 | ||
| 100 | 1 | |a Campion, Anna |0 IT\ICCU\VIAV\102337 |4 aut | |
| 240 | 1 | 0 | |a Holy smoke. |3 IT\ICCU\VIA\0079190 |9 Campion, Anna |
| 245 | 1 | 0 | |a Holy smoke / |c Anna Campion e Jane Campion ; traduzione di Cristiano Rossi. |
| 246 | 1 | 1 | |a Fumo sacro. |9 IT\ICCU\VIA\0079672 |
| 260 | |a Milano : |b Bompiani, |c 1999 | ||
| 300 | |a 202 p. ; |c 21 cm. | ||
| 700 | 1 | |a Campion, Jane |0 IT\ICCU\RAVV\086761 |4 aut | |
| 700 | 1 | |a Rossi, Cristiano |0 IT\ICCU\VIAV\102338 | |
| 830 | 0 | |a Narratori stranieri Bompiani |0 IT\ICCU\VIA\0077115 | |
| 942 | |2 ddc |c BK |n 0 | ||
| 952 | |0 0 |1 0 |4 0 |6 DOC_823_200000000000000_CAM |7 0 |9 15971 |a BO |b BO |d 2026-01-15 |i 15109 |l 0 |o DOC 823.2 CAM |p BO15109 |r 2026-01-15 23:19:13 |w 2026-01-15 |x [Sebina 5] [1 v.] |y BK |z 1 v. | ||
| 999 | |c 13730 |d 13730 | ||